00656nam a2200181 i 450000100060000000300090000600500170001500700030003200800410003510000320007624500820010826000530019030000400024365000320028385200210031599900170033695201210035390348ES-MaACL20230906180422.0t|050120s1943 uy ||||1| spa d1 aLeborgne, Félix E.97102610aCáncer de la laringe b: estudio radiológico / cpor Félix E. Leborgne. aMontevideo : bCasa A. Abrreiro y Ramos, c1943. a387 p., 3 lám. : bil. ; c29 cm. 4aLaringe-xCáncer.9147258 aES-MaACLjE-1247 c90348d90348 00104070aATENEOMbATENEOMcDEPO2d2008-01-17eSCl0oE-1247p1094346r2023-02-23 00:00:00w2023-02-23yMONOGRAFIA